| 000 | 00945nam a22002535a 4500 | ||
|---|---|---|---|
| 003 | OSt | ||
| 005 | 20161207140041.0 | ||
| 008 | 161207s2016 ua frb 000 0 ara d | ||
| 015 | _a2016/3049 | ||
| 020 | _a9789770480304 | ||
| 040 |
_aEG-ScBUE _bara _cEG-ScBUE |
||
| 082 | 0 | 4 |
_a340.59 _bأ ح م _222 |
| 100 | 1 | _aأحمد، أحمد خليفة شرقاوي. | |
| 245 | 1 | 0 |
_aقضاء الحسبة وحصانة الأديان في الفقه الإسلامي والقانون الوضعي : _bدراسة مقارنة / _cإعداد أحمد خليفة شرقاوي أحمد. |
| 250 | _aط. 1. | ||
| 260 |
_aالقاهرة : _bدار النهضة العربية، _c2016. |
||
| 300 |
_a74 ص. ؛ _c24 سم. |
||
| 504 | _aيشتمل على إرجاعات ببليوجرافية. | ||
| 650 | 7 |
_aالحسبة. _2BUEsh _920654 |
|
| 650 | 7 |
_aالفقه الإسلامي. _2BUEsh |
|
| 651 | _2BUEsh | ||
| 653 |
_bLLAAWW _cDecember2016 |
||
| 942 | _2ddc | ||
| 999 |
_c23502 _d23474 |
||